| 000 | 00470nam a22001697a 4500 | ||
|---|---|---|---|
| 003 | OSt | ||
| 005 | 20140310182333.0 | ||
| 008 | 130924t xxu||||| |||| 00| 0 eng d | ||
| 050 |
_aBT 431 _b.H333 1995 |
||
| 082 |
_aGS 220.9505 _bH25 1995 |
||
| 100 |
_aHartman, Bob _921457 |
||
| 245 |
_athe lion storyteller bible / _cHartman, Bob |
||
| 260 |
_aOxford, England : _b Lion Publishing plc, _cc1995. |
||
| 300 |
_a111 p. _c24 cm. |
||
| 942 |
_2lcc _cBK-GS |
||
| 999 |
_c12011 _d12011 |
||